000
00298nam a22001337a 4500
008
170524b xxu||||| |||| 00| 0 eng d
020
_a
9780030516481
041
_a
eng
080
_2
3 ED
_a
62
100
_a
27
101
_a
IM
245
_a
MICROELECTRONIC CIRCUITS
_c
SMITH.S
942
_2
udc
_c
BK
999
_c
14065
_d
14065